Famines in India: a study in some aspects of the economic history of India, 1860-1965 (Record no. 359537)

000 -LEADER
fixed length control field 00399cam a22001337a 4500
008 - FIXED-LENGTH DATA ELEMENTS--GENERAL INFORMATION
fixed length control field 180718b1967 xxu||||| |||| 00| 0 eng d
082 ## - DEWEY DECIMAL CLASSIFICATION NUMBER
Classification number Z2x54 B469/67
100 ## - MAIN ENTRY--PERSONAL NAME
Personal name Bhatia, B.M.
245 ## - TITLE STATEMENT
Title Famines in India: a study in some aspects of the economic history of India, 1860-1965
Statement of responsibility, etc. by B.M. Bhatia
250 ## - EDITION STATEMENT
Edition statement 2nd ed.
260 ## - PUBLICATION, DISTRIBUTION, ETC.
Place of publication, distribution, etc. Bombay
Name of publisher, distributor, etc. Asia
Date of publication, distribution, etc. 1967
300 ## - PHYSICAL DESCRIPTION
Extent 389p.
650 ## - SUBJECT ADDED ENTRY--TOPICAL TERM
Topical term or geographic name entry element India --Famines
Holdings
Withdrawn status Lost status Damaged status Not for loan Permanent Location Current Location Date acquired Full call number Barcode Date last seen Price effective from Koha item type
        Indian Institute of Public Administration Indian Institute of Public Administration 1994-02-09 Z2x54 B469/67 41868 2018-07-21 2018-07-21 Book

Powered by Koha